01493njm a2200241Ia 450000100060000000300090000600500170001500800410003204000130007304000130008604100120009910000110011110000180012210000380014024500620017825000110024026000120025126000290026330000100029250000550030250508370035765000570119459850IT-RoPAU20220918181118.0131025s9999 xx 000 0 und d aIT-RoPAU cIT-RoPAU aPOLACCO aAA.VV. eAutore musica gCodice autore musica SPICS: 12000 aEj, Sobotka Trubadurzy-Z Archiwum Polskiego Beatu vol. 13 a1a ed. aPOLONIA bMUZAc1987 [1a Ed.:1969] aDISCO aMusica rock, pop. Musica polacca. Canzone polacca. aEj, Sobótka Sobótka (Written By J. Kondratowicz, R. Poznakowski) - Wśród Zielonych Olszyn (Written By J. Kondratowicz, R. Poznakowski) - Tobie I Mnie (Written By J. Kondratowicz, K. Krawczyk) - Dziewczyna I Pejzaż (Written By J. Kondratowicz, S. Kowalewski) - Po Co Ja Za Tobą Biegam (Written By J. Kleyny, R. Poznakowski) - Nie Chcemy Wspomnień (Written By R. Poznakowski, W. Patuszyński) - Dom Mego Dzieciństwa (Written By K. Krawczyk, M. Bellan) - Uśmiechajcie Się Dziewczęta (Written By R. Poznakowski, W. Patuszyński) - Nie Pytaj Mnie W Czyje Włosy Wepnę Gwiazdę (Written By J. Kondratowicz, R. Poznakowski) - Ballada O Dziewczynie (Written By M. Lichtman, M. Bellan) - Tatrzańska Zimowa Baśń (Written By M. Bellan, S. Kowalewski) - Inna Niż Wszystkie (Written By K. Winkler, M. Lichtman) aCANZONE POLACCA [DISCHI]eCodice MATERIA SPICS: 9950